Sciences & avenir : La planete sans ressources

Tallennettuna:
Bibliografiset tiedot
Aineistotyyppi: Kirja
Kieli:Undetermined
Julkaistu: Paris Simone Sicsic 1974
Aiheet:
Tagit: Lisää tagi
Ei tageja, Lisää ensimmäinen tagi!
Thư viện lưu trữ: Trung tâm Học liệu Trường Đại học Cần Thơ
LEADER 00413nam a2200157Ia 4500
001 CTU_78633
008 210402s9999 xx 000 0 und d
082 |a 508 
082 |b S416 
245 0 |a Sciences & avenir : 
245 0 |b La planete sans ressources 
260 |a Paris 
260 |b Simone Sicsic 
260 |c 1974 
650 |a Science periodicals 
980 |a Trung tâm Học liệu Trường Đại học Cần Thơ